AH International Schools' Libraries

Normal view MARC view
  • Felicia Bond

Entry Personal Name

Number of records used in: 1

001 - CONTROL NUMBER

  • control field: 85869

003 - CONTROL NUMBER IDENTIFIER

  • control field: OSt

005 - DATE AND TIME OF LATEST TRANSACTION

  • control field: 20241216132242.0

008 - FIXED-LENGTH DATA ELEMENTS

  • fixed length control field: 241216|| aca||aabn | a|a d

040 ## - CATALOGING SOURCE

  • Original cataloging agency: OSt
  • Transcribing agency: OSt

100 ## - HEADING--PERSONAL NAME

  • Personal name: Felicia Bond

670 ## - SOURCE DATA FOUND

  • Source citation: Work cat.: (OSt)48110: Brown, Margaret Wise. 85868, Big red barn / , 1989.

For any Logos Library related questions please contact Miss Art at swongnarasuk@asianhope.org.

For any Asian Hope Library related questions please contact Miss Raza at graza@asianhope.org.

Powered by Koha